Enzýmové esterifikácie sacharidov

Saved in:
Bibliographic Details
Main Author: Kraková, Tatiana
Format: Book
Language:Slovak
Published: Bratislava STU FCHPT 2007
Online Access:View in OPAC
Tags: Add Tag
No Tags, Be the first to tag this record!

MARC

LEADER 00000nam a2200000 a 4500
005 20260127133933.0
008 060607 2006 xo 000 0 slo d
035 |a vtls009007751 
039 9 |y 200707171110  |z mschk03 
040 |a STUSCHK1  |b slo  |c STUSCHK1  |e AACR2 
100 1 |a Kraková, Tatiana 
245 1 |a Enzýmové esterifikácie sacharidov  |c Tatiana Kraková 
260 |a Bratislava  |b STU FCHPT  |c 2007 
300 |a 53 s.  |b tab., lit.+ príloha  |c 29 cm 
500 |a Obháj.: 7.6. 2007 
500 |a Špec.: Technológia mlieka, tukov a kozmetiky 
500 |a Ústav biotechnológie a potravinárstva 
910 |a SCHK95 
999 |c 441  |d 441